000 00591nam a2200241Ia 4500
003 OSt
005 20221005114908.0
006 a|||||r|||| 00| 0
007 ta
008 221004b |||||||| |||| 00| 0 ben d
024 _a54110
037 _cTextual
040 _aCRL
_cCRL
_bben
041 _2ben
_aben
082 _aO157.2M63,4, 32H9
100 _aRoy Au.
_9220484
245 0 _aBharataramani
260 _c1949
300 _a178p.
_ccm.
650 _aBENGALI LITERATURE
942 _hO157.2M63,4, 32H9
_cTEXL
_2cc
999 _c1032758
_d1032758